000 01599nam a22004217a 4500
003 DO-SdBNP
005 20220429132652.0
007 ta
008 220425b |||||||| |||| 00| 0 spa d
020 _a9788461132805
040 _aDO-SdBNP
_bspa
_cBNPHU
082 4 _a303
_bP348p
_222
245 1 0 _aLa paz es posible :
_bpropuesta pedagógica /
_cManel Fuentes... [et.al]
260 _aSanto Domingo :
_bFundación Carta a la Paz,
_c[¿2007? ].
300 _a13 fichas :
_bil. ;
_c30 cm.
_e+ CD-ROM
500 _aIncluye 12 fichas pedagógicas enumeradas.
500 _aIncluye un CD-ROM.
505 1 _aLa paz es posible. Propuesta pedagógica --
505 _tFicha 0. La paz no viene sola --
505 _tFicha 1. Obstáculos a la paz --
505 _tFicha 2. Sin resentimientos --
505 _tFicha 3. El trabajo por la paz --
505 _tFicha 4. Ni tirano ni esclavos de la historia --
505 _a
_tFicha 5. Fundamento de la solidaridad --
505 _tFicha 6. La sociedad civil --
505 _tFicha 7. Las personas y la paz --
505 _tFicha 8. La memoria histórica --
505 _tFicha 9. Derecho a ser entusiasmados --
505 _tFicha 10. La democracia en libertad --
505 _tFicha 11. El derecho de las generaciones futuas --
505 _tFicha 12. Carta de la paz dirigida a la ONU --
650 4 _aPaz
_xAspectos sociales
_981513
700 0 1 _aPera, Joan ,
_981492
_eColaborador
700 _aBosch, Jordi,
_981493
_eColaborador
700 _aAymar, Angels,
_dColaborador
_981498
910 _asaquino
942 _2ddc
_cLF2
999 _c51575
_d51575